Datum a čas kvízu
37
Celkem bodů
Celkový počet nahraných bodů na tomto kvízu bez doplňovacích otázek.
4.
Pořadí na kvízu
Konečné umístění týmu na tomto kvízu.
Zaznamenané odpovědi
| # | Otázka | Odpověď | Body | Výsledky |
|---|---|---|---|---|
| 1. | Čeští archeologové s pomocí no... | Juditin most | 1 | |
| 2. | V sobotu večer způsobil požár... | Manhattan | 1 | |
| 3. | Ve čtvrtek byl zahájen největš... | Vizovice | 1 | |
| 4. | V neděli v 9 hodin začal v Pra... | Jungmannovo náměstí | 0 | |
| 5. | Napište jména obou finalistů m... | Roger Federer, Novak Djoković | 1 | |
| 6. | V tomto tématu se podíváme na... | (Sherwood) | 1 | |
| 7. | Tato dívka se narodila loupežn... | Ronja | 1 | |
| 8. | V pohádce Princezna Fantaghiró... | Tarabas | 0 | |
| 9. | I když už dávno nevěříme na na... | prstýnky | 0 | |
| 10. | Jak se nazývá film z roku 1992... | Sestra v akci | 1 |